<?xml version="1.0" encoding="UTF-8"?>
<marc:record xmlns:marc="http://www.loc.gov/MARC21/slim">
   <marc:leader>00000nam a2200000 a 4500</marc:leader>
   <marc:datafield ind1=" " ind2=" " tag="653">
      <marc:subfield code="a">Medizin</marc:subfield>
   </marc:datafield>
   <marc:datafield ind1=" " ind2=" " tag="653">
      <marc:subfield code="a">Gesundheit</marc:subfield>
   </marc:datafield>
   <marc:datafield ind1=" " ind2=" " tag="653">
      <marc:subfield code="a">Künstliche Intelligenz</marc:subfield>
   </marc:datafield>
   <marc:datafield ind1="0" ind2="0" tag="245">
      <marc:subfield code="a">Medizin populär 25 / 02 März</marc:subfield>
   </marc:datafield>
   <marc:datafield ind1="0" ind2="0" tag="245">
      <marc:subfield code="b">das Gesundheitsmagazin des österreichischen ÄrzteVerlages</marc:subfield>
   </marc:datafield>
   <marc:datafield ind1=" " ind2="1" tag="264">
      <marc:subfield code="a">Wien</marc:subfield>
      <marc:subfield code="b">Verlagshaus der Ärzte</marc:subfield>
      <marc:subfield code="c">25</marc:subfield>
   </marc:datafield>
   <marc:datafield ind1="1" ind2=" " tag="490">
      <marc:subfield code="a">-</marc:subfield>
   </marc:datafield>
   <marc:datafield ind1="1" ind2=" " tag="520">
      <marc:subfield code="a">Schwung für die Lymphe - warum eine gute Lymphzirkulation vor Herzerkrankungen und Krebs schützen kann ;  &#xD;
Ärger mit der Blase - Harnwegsinfekte ;   &#xD;
Allergie - so funktioniert der Prick-Test ;  &#xD;
Tipps gegen Heiserkeit - Christine Reiler ;   &#xD;
&#xD;
GESUND &amp; LEBEN: Künstliche Intelligenz - Co-Pilot in der Medizin oder Gefahr für Entmenschlichung ;   &#xD;
Neue Hoffnung bei Migräne ; Liebe für Fortgeschrittene ;  Bitterstoffe ;   uvm.</marc:subfield>
   </marc:datafield>
   <marc:datafield ind1=" " ind2=" " tag="041">
      <marc:subfield code="a">ger</marc:subfield>
   </marc:datafield>
   <marc:datafield ind1=" " ind2=" " tag="338">
      <marc:subfield code="a">Band</marc:subfield>
   </marc:datafield>
</marc:record>
